000 00810nam a22001577a 4500
003 OSt
005 20151024092045.0
008 151024b xxu||||| |||| 00| 0 eng d
040 _cRUA
082 _aAVM CHE 2010 B090 Or.1
100 _92723
_aCHEAN, RATANAKVISAL.
245 _aeffect of slender amaranth (amaranthus viridis) suplementation on growt rate of broiler at royal university of agriculture (ឥទ្ធិពលនៃការបន្ថែមផ្ទីអាចន៍មាន់ស្រស់លើចំណីផ្សំ ស៊ី.ភី លើកាលូតលាស់របស់មាន់សាច់នៅសាកលវិទ្យាល័យភូមិន្ទកសិកម្ម)
260 _aPhnom Penh
_bRUA
_c2010
300 _axiii, 42p.
_bill.
_c29cm.
942 _2ddc
_cAVM
999 _c2547
_d2547